ბათუმის შოთა რუსთაველის სახელმწიფო უნივერსიტეტის ბიბლიოთეკა

ეკონომიკის საფუძვლები / (ბიბ.ჩანაწერი № 63805)

000 -ლიდერი
ფიქსირებული სიგრძის საკონტროლო ველი 01294nam a22002177a 4500
003 - საკონტროლო ნომრის იდენტიფიკატორი
საკონტროლო ველი Ge_BSU
005 - ბოლო ოპერაციის თარიღი და დრო
საკონტროლო ველი 20260116164934.0
008 - ფიქსირებული სიგრძის მონაცემთა ელემენტები - ზოგადი ინფორმაცია
ფიქსირებული სიგრძის საკონტროლო ველი 260116s ge ||||| |||| 00| 0 geo d
041 ## - ენის კოდი
Language code of text/sound track or separate title geo
080 ## - უნივერსალური ათობითი კლასიფიკაციის ინდექსი
Universal Decimal Classification number 3301.1 მ-74
100 ## - მთავარი ჩანაწერი - პიროვნების სახელი
Personal name მიქაბერიძე, ზურაბ
9 (RLIN) 26694
245 ## - ცნობა სათაურის შესახებ
Title ეკონომიკის საფუძვლები /
Statement of responsibility, etc ზ. მიქაბერიძე, მ. ბარბაქაძე, გ. თუთბერიძე; რედ. რ. ნამიჭეშვილი და ზ. მიქაბერიძე.
264 ## - წარმოების, გამოცემის, დისტრიბუციის და სხვა ცნობები
გამოცემის, წარმოების, დისტრიბუციის... ადგილი ქუთაისი :
გამოცემის, წარმოების, დისტრიბუციის... სახელწოდება ქუთაისის გ. ტაბიძის სახელობის სსაქციო საზოგადოება "სტამბის" საგამომცემლო ცენტრი,
გამოცემის, წარმოების, დისტრიბუციის... თარიღი 1995.
300 ## - ფიზიკური აღწერა
Extent 172 გვ.;
Other physical details 20 სმ.
504 ## - BIBLIOGRAPHY, ETC. NOTE
Bibliography, etc ბიბლიოგრ. გვ. 169
700 ## - ADDED ENTRY--PERSONAL NAME
Personal name ბარბაქაძე, მ.
Relator term ავტორი
9 (RLIN) 26695
700 ## - ADDED ENTRY--PERSONAL NAME
Personal name თუთბერიძე, გ.
Relator term ავტორი
9 (RLIN) 26696
700 ## - ADDED ENTRY--PERSONAL NAME
Personal name ნამიჭეშვილი, რ.
Relator term რედაქტორი
9 (RLIN) 26697
700 ## - ADDED ENTRY--PERSONAL NAME
Personal name მიქაბერიძე, ზ.
Relator term რედაქტორი
9 (RLIN) 26698
942 ## - ADDED ENTRY ELEMENTS (KOHA)
Source of classification or shelving scheme
Koha item type წიგნი
ეგზემპლარები
ჩამოწერის სტატუსი დაკარგული ეგზემპლარის სტატუსი კლასიფიკაციის წყარო ან თაროზე გაწყობის სქემა დაზიანების სტატუსი არ გაიცემა მუდმივი მდებარეობა (დაცვის ადგილი) ამჟამინდელი ადგილსამყოფელი თაროზე განთავსების ადგილი შეძენის თარიღი ღირებულება, შესყიდვის ნორმალური ფასი სრული შენახვის შიფრი შტრიხკოდი ბოლო ოპერაციის თარიღი ეგზემპლარის მიმდევრობითი ნომერი (კეტერი?) ფასის ძალაში შესვლის თარიღი ეგზემპლარის სახეობა საჯარო შენიშვნა
          ბათუმის შოთა რუსთაველის სახელმწიფო უნივერსიტეტის მთავარი ბიბლიოთეკა ბათუმის შოთა რუსთაველის სახელმწიფო უნივერსიტეტის მთავარი ბიბლიოთეკა წიგნსაცავი 2026-01-16 4.50 330.1 მ-74 73469 2026-01-16 73469 2026-01-16 წიგნი 4 ლ. 50 თ.
          ბათუმის შოთა რუსთაველის სახელმწიფო უნივერსიტეტის მთავარი ბიბლიოთეკა ბათუმის შოთა რუსთაველის სახელმწიფო უნივერსიტეტის მთავარი ბიბლიოთეკა წიგნსაცავი 2026-01-16 4.50 330.1 მ-74 73466 2026-01-16 73466 2026-01-16 წიგნი 4 ლ. 50 თ.
          ბათუმის შოთა რუსთაველის სახელმწიფო უნივერსიტეტის მთავარი ბიბლიოთეკა ბათუმის შოთა რუსთაველის სახელმწიფო უნივერსიტეტის მთავარი ბიბლიოთეკა წიგნსაცავი 2026-01-16 4.50 330.1 მ-74 73468 2026-01-16 73468 2026-01-16 წიგნი 4 ლ. 50 თ.
          ბათუმის შოთა რუსთაველის სახელმწიფო უნივერსიტეტის მთავარი ბიბლიოთეკა ბათუმის შოთა რუსთაველის სახელმწიფო უნივერსიტეტის მთავარი ბიბლიოთეკა წიგნსაცავი 2026-01-16 4.50 330.1 მ-74 73467 2026-01-16 73467 2026-01-16 წიგნი 4 ლ. 50 თ.
          ბათუმის შოთა რუსთაველის სახელმწიფო უნივერსიტეტის მთავარი ბიბლიოთეკა ბათუმის შოთა რუსთაველის სახელმწიფო უნივერსიტეტის მთავარი ბიბლიოთეკა წიგნსაცავი 2026-01-16 4.50 330.1 მ-74 73472 2026-01-16 73472 2026-01-16 წიგნი 4 ლ. 50 თ.
          ბათუმის შოთა რუსთაველის სახელმწიფო უნივერსიტეტის მთავარი ბიბლიოთეკა ბათუმის შოთა რუსთაველის სახელმწიფო უნივერსიტეტის მთავარი ბიბლიოთეკა წიგნსაცავი 2026-01-16 4.50 330.1 მ-74 73470 2026-01-16 73470 2026-01-16 წიგნი 4 ლ. 50 თ.
          ბათუმის შოთა რუსთაველის სახელმწიფო უნივერსიტეტის მთავარი ბიბლიოთეკა ბათუმის შოთა რუსთაველის სახელმწიფო უნივერსიტეტის მთავარი ბიბლიოთეკა წიგნსაცავი 2026-01-16 4.50 330.1 მ-74 73471 2026-01-16 73471 2026-01-16 წიგნი 4 ლ. 50 თ.
          ბათუმის შოთა რუსთაველის სახელმწიფო უნივერსიტეტის მთავარი ბიბლიოთეკა ბათუმის შოთა რუსთაველის სახელმწიფო უნივერსიტეტის მთავარი ბიბლიოთეკა წიგნსაცავი 2026-01-27 4.50 330.1 მ-74 73577 2026-01-27 73577 2026-01-27 წიგნი 4ლ. 50თ.